000 00302nam a22001337a 4500
008 170503b xxu||||| |||| 00| 0 eng d
020 _a2901599410356
041 _aeng
080 _28TH
_a34
100 _a14
101 _aSHM
245 _aTORT LAW AND ALTERNATIVES
_cFRANKLIN, M.A
942 _2udc
_cBK
999 _c12494
_d12494